Elements de biologie a l'usage d'austres disciplines : de la structure aux fonctions

Bewaard in:
Bibliografische gegevens
Formaat: Boek
Taal:Vietnamese
Gepubliceerd in: EDP Science 2003
Tags: Voeg label toe
Geen labels, Wees de eerste die dit record labelt!
Thư viện lưu trữ: Mạng thư viện Đại học Đà Nẵng
LEADER 00673nam a2200241 4500
001 000021930
003 18378
005 20150424080437.0
008 150424s2003 viesd
020 |c 00 
041 0 |a vie 
082 1 4 |a 570  |b El-B 
245 1 0 |a Elements de biologie a l'usage d'austres disciplines : de la structure aux fonctions  |c sous la direction de Philippe Tracqui et Jacques Demongeot 
260 |b EDP Science  |c 2003 
300 |a tr.  |c cm. 
OWN |a LSP 
999 |a From the UDN01 
TYP |a Monograph 
TYP |a Printed language 
980 |a Mạng thư viện Đại học Đà Nẵng